BIBLIOTECA

SENCICO

Manual de tornero mecánico I (Registro nro. 3300)

Detalles MARC
000 -LEADER
fixed length control field 00688nam a2200193Ia 4500
005 - DATE AND TIME OF LATEST TRANSACTION
control field 20251020182610.0
008 - FIXED-LENGTH DATA ELEMENTS--GENERAL INFORMATION
fixed length control field 200515s9999 xx 000 0 und d
082 ## - DEWEY DECIMAL CLASSIFICATION NUMBER
Classification number SC/621.941/M61
110 ## - MAIN ENTRY--CORPORATE NAME
Corporate name or jurisdiction name as entry element Ministerio de Educación
245 #0 - TITLE STATEMENT
Title Manual de tornero mecánico I
260 ## - PUBLICATION, DISTRIBUTION, ETC.
Place of publication, distribution, etc. Lima
260 ## - PUBLICATION, DISTRIBUTION, ETC.
Date of publication, distribution, etc. 1978
300 ## - PHYSICAL DESCRIPTION
Extent 111
520 ## - SUMMARY, ETC.
Summary, etc. Manual Técnico del Tornero mecánico tiene como principal finalidad la de guiar metodológicamente al participante en la adquisición de las primeras experiencias prácticas y tecnológicas necesarias para el uso, manejo y mantenimiento del torno mecánico para
650 ## - SUBJECT ADDED ENTRY--TOPICAL TERM
Topical term or geographic name entry element MANUALES
650 ## - SUBJECT ADDED ENTRY--TOPICAL TERM
Topical term or geographic name entry element MECANICA
650 ## - SUBJECT ADDED ENTRY--TOPICAL TERM
Topical term or geographic name entry element TORNERO
942 ## - ADDED ENTRY ELEMENTS (KOHA)
Koha item type Libros
Existencias
Fecha de la última vez que lo usaron Pago total Signatura topográfica completa Código de barras Precio efectivo desde Tipo de documento Estado perdido Estado dañado No es para préstamo Retirado Ubicación permanente Ubicación actual Fecha de adquisición
15/05/2020   SC/621.941/M61 Bib-Lima15053300 15/05/2020 Libros         Biblioteca Central Lima Biblioteca Central Lima 15/05/2020